000
00294nam a2200121Ia 4500
005
20251222141841.0
008
251222s9999||||xx |||||||||||||| ||spa||
082
_a
839.961/I25
100
_a
Ibsen, Henrik
245
0
_a
Brand, Poema Dramático en Cinco Actos
264
_b
Encuentro
942
_c
LIB
999
_c
7412
_d
7412